| 000 | 00610nam a2200193Ia 4500 | ||
|---|---|---|---|
| 003 | OSt | ||
| 005 | 20250930112446.0 | ||
| 008 | 210210b1982 xxu||||| |||| 00| 0 eng d | ||
| 040 | _cAL | ||
| 041 | _aKannada | ||
| 082 | _aK894.3 PADP | ||
| 100 |
_aPADUKONE RAMANANDA. _dಪಡುಕೋಣೆ ರಮಾನಂದ _9241022 |
||
| 245 |
_aPaschima ranarangadalli ellavu shanta. _bಪಶ್ಚಿಮ ರಣರಂಗದಲ್ಲಿ ಎಲ್ಲವೂ ಶಾಂತ |
||
| 260 |
_aBengaluru _bBapko Prakashana _c1982 |
||
| 300 | _a332,8 | ||
| 690 |
_aKannada Fiction _9241023 |
||
| 906 | _aSG02885 | ||
| 942 |
_2ddc _cSG |
||
| 999 |
_c113929 _d113929 |
||